| 000 | 00647nam a22001937a 4500 | ||
|---|---|---|---|
| 999 |
_c17389 _d17389 |
||
| 003 | AR-CdUCM | ||
| 008 | 190508b ||||| |||| 00| 0 spa d | ||
| 040 |
_aMUNICIPALIDAD PROVINCIAL DEL CUSCO _cBIBLIOTECA MUNICIPAL DEL CUSCO |
||
| 082 |
_a620.8 / _bP26 |
||
| 100 |
_aParker, Harry _919751 |
||
| 245 | _aTexto simplificado de Mecanica y Resistencia de Materiales / | ||
| 260 |
_aBuenos Aires : _bCentro regional de ayuda tecnica, _c1972. |
||
| 300 |
_a307 paginas ; _c23 cm. |
||
| 500 | _aMecanica y resistencia de materiales | ||
| 650 |
_aMecanica _925165 |
||
| 650 |
_aMateriales _922177 |
||
| 942 |
_2ddc _cLIBROS |
||
| 945 |
_apjha _d2019-05-08 |
||